000 00771nam a2200253Ia 4500
003 OSt
005 20220918170028.0
006 a|||||r|||| 00| 0
007 ta
008 220917b |||||||| |||| 00| 0 eng d
020 _a818709625X (pbk)
_c50
024 _a264,019
037 _b049, 30/03/2012, Sindhi Academy,Delhi
_cTextual
040 _aARTS
_cARTS
_beng
041 _2eng
_aeng
082 _aO1593,6x, N8
100 _aShringi Veena Ed.
_926701
245 0 _aSaah sebana supireen
260 _aNew Delhi
_bSindhi Academy India
_c1998
300 _a120p.
_ccm.
650 _aLINGUISTICS; SINDHI LITERATURE
_926702
942 _hO1593,6x, N8
_cTEXL
_2CC
999 _c132291
_d132291